DES DIEUX ET DES HOMMES : ETUDES DE MYTHOLOGIE LITHUANIENNE /
Guardado en:
| Autor principal: | |
|---|---|
| Formato: | Libro |
| Colección: | FORMES SEMIOTIQUES
|
| Temas: | |
| Etiquetas: |
Sin etiquetas, Sé el primero en etiquetar este registro!
|
MARC
| LEADER | 00000nam^a2200000^a^4500 | ||
|---|---|---|---|
| 001 | 000237506 | ||
| 005 | 20250521000000.0 | ||
| 009 | 20260310104937.08 | ||
| 035 | |a 060038 | ||
| 037 | |a Acervo Xavier Clavigero | ||
| 082 | |a 401. 43 |b GRE | ||
| 100 | |a Greimas, Algirdas Julien |e (autor) | ||
| 245 | 1 | 4 | |a DES DIEUX ET DES HOMMES : |b ETUDES DE MYTHOLOGIE LITHUANIENNE / |c A.J. GREIMAS |
| 264 | |a PARIS : |b UNIVERSITAIRES DE FRANCE, |c 1985 | ||
| 300 | |a 233 p. | ||
| 336 | |a texto |b txt |2 rdacontenido | ||
| 337 | |a sin mediación |b n |2 rdamedio | ||
| 338 | |a volumen |b nc |2 rdasoporte | ||
| 440 | |a FORMES SEMIOTIQUES | ||
| 649 | |a XX | ||
| 650 | |a Semántica | ||
| 650 | |a Mitología Lituana | ||
| 910 | |a Fondo General | ||
| 920 | |a Impresos - Libros | ||
| 930 | |a Colección General | ||
| 905 | |a 101 | ||
| 901 | |a 060038 |b IT1 |c ACC |i 060038 |u 20250521 | ||
| 902 | |a https://opac.biblio.iteso.mx/vufind/Record/000237506 | ||